<?xml version="1.0" encoding="UTF-8"?>
<collection xmlns="http://www.loc.gov/MARC21/slim">
 <record>
  <leader>     na                 </leader>
  <controlfield tag="001">INLIS000000000023845</controlfield>
  <controlfield tag="005">20260422110322</controlfield>
  <datafield tag="035" ind1=" " ind2=" ">
   <subfield code="a">0010-0426000042</subfield>
  </datafield>
  <controlfield tag="007">ta</controlfield>
  <controlfield tag="008">260422                g          0 ind  </controlfield>
  <datafield tag="020" ind1=" " ind2=" ">
   <subfield code="a">9786026711335</subfield>
  </datafield>
  <datafield tag="082" ind1=" " ind2=" ">
   <subfield code="a">613.7</subfield>
  </datafield>
  <datafield tag="084" ind1=" " ind2=" ">
   <subfield code="a">613.7 LIS k</subfield>
  </datafield>
  <datafield tag="100" ind1="0" ind2=" ">
   <subfield code="a">Lisna Anisa Fitriana</subfield>
   <subfield code="e">Pengarang</subfield>
  </datafield>
  <datafield tag="245" ind1="1" ind2=" ">
   <subfield code="a">Keperawatan Olahraga</subfield>
  </datafield>
  <datafield tag="250" ind1=" " ind2=" ">
   <subfield code="a">Cetakan 1</subfield>
  </datafield>
  <datafield tag="300" ind1=" " ind2=" ">
   <subfield code="a">ix + 247 halaman :</subfield>
   <subfield code="b">Ilustrasi [Grafis] ;</subfield>
   <subfield code="c">23 cm</subfield>
  </datafield>
  <datafield tag="650" ind1=" " ind2="4">
   <subfield code="a">Olahraga</subfield>
  </datafield>
  <datafield tag="650" ind1=" " ind2="4">
   <subfield code="a">Aspek Kesehatan</subfield>
  </datafield>
  <datafield tag="700" ind1="0" ind2=" ">
   <subfield code="a">Septian Andriyani</subfield>
   <subfield code="e">Pengarang</subfield>
  </datafield>
  <datafield tag="700" ind1="0" ind2=" ">
   <subfield code="a">Irma Darmawati</subfield>
   <subfield code="e">Pengarang</subfield>
  </datafield>
  <datafield tag="700" ind1="0" ind2=" ">
   <subfield code="a">Upik Rahmi</subfield>
   <subfield code="e">Pengarang</subfield>
  </datafield>
  <datafield tag="700" ind1="0" ind2=" ">
   <subfield code="a">Suci Tuty Putri</subfield>
   <subfield code="e">Pengarang</subfield>
  </datafield>
  <datafield tag="504" ind1=" " ind2=" ">
   <subfield code="a">Bibliografi 233-244 halaman</subfield>
  </datafield>
  <datafield tag="505" ind1=" " ind2=" ">
   <subfield code="a">1. Olahraga dan Keperawatan&#13;
2. Kebugaran Jasmani&#13;
3. Cedera Olahraga dan Penanganannya&#13;
4. Konsep Doping dan Zat Ergogenik dalam Olahraga&#13;
5. Aklimatisasi dan Fisiologi Olahraga&#13;
6. Olahraga pada Wanita&#13;
7. Konsep Olahraga untuk Berbagai Kondisi&#13;
8. Olahraga Promotif dan Preventif untuk Segala Usia&#13;
9. Promosi Kesehatan Aktivitas Fisik dengan Pendekatan Teori Virginia Henderson</subfield>
  </datafield>
  <datafield tag="520" ind1=" " ind2=" ">
   <subfield code="a">Buku yang berjudul &quot;Keperawatan Olahraga&quot; ini merupakan karya yang dirancang sebagai referensi utama untuk mata kuliah Keperawatan Olahraga di Program Studi Ilmu Keperawatan. Dengan penekanan pada aspek kesehatan dan pencegahan, buku ini memberikan wawasan mendalam mengenai berbagai topik penting terkait olahraga dan keperawatan.&#13;
&#13;
Bab pertama mengenai &quot;Olahraga dan Keperawatan&quot; membahas pengertian olahraga, kategori olahraga, dan konsep keperawatan yang menjadi dasar pemahaman dalam buku ini. Selanjutnya, bab berikutnya menggali topik seperti kebugaran jasmani, cedera olahraga beserta penanganannya, konsep doping dan obat dalam olahraga, aklimatisasi dan fisiologi olahraga, serta aspek khusus olahraga pada wanita.</subfield>
  </datafield>
  <datafield tag="264" ind1=" " ind2=" ">
   <subfield code="a">Jakarta Timur :</subfield>
   <subfield code="b">Bumi Aksara,</subfield>
   <subfield code="c">2024</subfield>
  </datafield>
  <datafield tag="336" ind1=" " ind2=" ">
   <subfield code="2">rdacontent</subfield>
   <subfield code="a">Teks</subfield>
  </datafield>
  <datafield tag="337" ind1=" " ind2=" ">
   <subfield code="2">rdamedia</subfield>
   <subfield code="a">Tanpa Perantara</subfield>
  </datafield>
  <datafield tag="338" ind1=" " ind2=" ">
   <subfield code="2">rdacarrier</subfield>
   <subfield code="a">Lembar</subfield>
  </datafield>
  <datafield tag="990" ind1=" " ind2=" ">
   <subfield code="a">078244</subfield>
  </datafield>
  <datafield tag="990" ind1=" " ind2=" ">
   <subfield code="a">078245</subfield>
  </datafield>
  <datafield tag="990" ind1=" " ind2=" ">
   <subfield code="a">078246</subfield>
  </datafield>
 </record>
</collection>
